Independent Timor-Leste : between coercion and consent /

Bibliographic Details
Main Author: Kammen, Douglas Anton (Author)
Format: Book
Language:English
Published: Cambridge ; New York : Cambridge University Press, [2019]
Series:Cambridge elements. Politics and society in Southeast Asia.
Subjects:

MARC

Tag First Indicator Second Indicator Subfields
LEADER 00000cam a2200000Ii 4500
001 in00004078413
005 20191021075540.0
008 190308t20192019enk b 001 0 eng d
020 |a 9781108457583  |q (pbk.) 
020 |a 1108457584  |q (pbk.) 
035 |a (OCoLC)on1090445309 
040 |a YDX  |e rda  |c YDX  |d CDX  |d EAU  |d UtOrBLW 
043 |a a-em--- 
049 |a TXAM 
050 4 |a DS649.6  |b .K36 2019 
082 0 |a 959.87  |2 23 
100 1 |a Kammen, Douglas Anton,  |e author.  |0 http://id.loc.gov/authorities/names/nr99019650 
245 1 0 |a Independent Timor-Leste :  |b between coercion and consent /  |c Douglas Kammen. 
264 1 |a Cambridge ;  |a New York :  |b Cambridge University Press,  |c [2019] 
264 4 |c ©2019 
300 |a 76 pages ;  |c 23 cm. 
336 |a text  |b txt  |2 rdacontent 
337 |a unmediated  |b n  |2 rdamedia 
338 |a volume  |b nc  |2 rdacarrier 
490 1 |a Cambridge elements : Politics and society in Southeast Asia 
504 |a Includes bibliographical references (pages [64]-76) and index. 
505 0 |a 1. Introduction -- 2. A Violent Past -- 3. The Impossible Dream: East Timor under the UN -- 4. Independence with Constraints -- 5. Timor's Purchase -- 6. Hitching-Post -- 7. Future Research Agendas -- Glossary -- Bibliography. 
651 0 |a Timor-Leste  |x History. 
651 0 |a Timor-Leste  |x Politics and government  |y 21st century. 
651 0 |a Timor-Leste  |x Politics and government.  |0 http://id.loc.gov/authorities/subjects/sh2004011674 
650 0 |a Referendum  |z Timor-Leste. 
830 0 |a Cambridge elements.  |p Politics and society in Southeast Asia.  |0 http://id.loc.gov/authorities/names/no2018169777 
945 |b 94550 
947 |a A14850821126 
948 |a cataloged  |b h  |c 2019/7/25  |d c  |e dmitchel  |f 8:30:20 am 
994 |a 92  |b TXA 
999 f f |s 9d73f722-0590-3923-943d-c238e2fe3dec  |i 3a6d586c-17d0-39f5-8b08-270e8eadb2bb  |t 0 
952 f f |p normal  |a Texas A&M University  |b College Station  |c Sterling C. Evans Library  |d Evans: Library Stacks  |t 0  |e DS649.6 .K36 2019  |h Library of Congress classification  |i unmediated -- volume  |m A14850821126 
998 f f |a DS649.6 .K36 2019  |t 0  |l Evans: Library Stacks